Normal view
MARC view
- الادارة-معالجة البيانات الكترونيا-بلدية اربد
Entry Topical Term
001 - CONTROL NUMBER
- control field: 61027
003 - CONTROL NUMBER IDENTIFIER
- control field: JO-AjAnu
005 - DATE AND TIME OF LATEST TRANSACTION
- control field: 20230606083955.0
008 - FIXED-LENGTH DATA ELEMENTS
- fixed length control field: 230606|| aca||aabn | a|a d
040 ## - CATALOGING SOURCE
- Original cataloging agency: JO-AjAnu
- Transcribing agency: JO-AjAnu
150 ## - HEADING--TOPICAL TERM
- Topical term or geographic name entry element: الادارة-معالجة البيانات الكترونيا-بلدية اربد
670 ## - SOURCE DATA FOUND
- Source citation: Work cat.: (JO-AjAnu)31127: اعداد الحسينات، ديانا محمود يوسف؛ اشراف ياسر عيسى المومني، اشراف فوزي حسن الطعاني, author 61026, دور استخدام التطبيقات الالكترونية في تحسين جودة الخدمات في بلدية اربد الكبرى من وجهة نظر المستفيدين = The Role Using of Electronic Applications in Developing Services Quality in the Greater Irbid Municipality from Beneficiaries point view